KCorp Quiz - Statistics

General Stats
  • This quiz has been taken 23 times
  • The average score is 5 of 10
Answer Stats
Question Answer % Correct
Qui a crée ce Quiz ? ninjadorée et Zortsu
81%
Qui est le joueur le plus suivi sur Twitter du roster LEC 2026 ? Caliste
67%
Combien de games Bo a-t- il joué avec la KC ? 18
62%
Combien de major la kc a-t-elle remporté sur Rocket League ? 2
62%
Ou a eu lieu le 1er KCX Palais des Congrès
57%
Quand l'équipe Valorant Game Changers de la kc a été crée ? 2023
52%
Quel a été l'adversaire de la kc en finale des EUMaster summer 2023 ? Movistar Riders
52%
A quel place a finit la kc en division 2 ? 3
38%
Quelle est la date de la création de la Kcorp 30 mars 2020
38%
Contre quelle équipe la KC a gagner sa 1ère game en LEC 2024 winter ? SK
24%
No matching quizzes found
Score Distribution
Percent of People with Each Score
Percentile by Number Answered
Your Score History
You have not taken this quiz